Armaments and Disarmaments in the Nuclear Age: a handbook
Este libro fue publicado por el SIPRI al celebrar su décimo aniversario. En este informe se estudian y analizan varios temas relacionados con la problemática de los armamentos, el desarme y el control de armas a nivel mundial. Algunos puntos concretos que examina son: gasto militar mundial, 1954-197...
Shranjeno v:
| Korporativna značnica: | |
|---|---|
| Format: | Texto |
| Izdano: |
Estocolmo:
SIPRI
|
| Teme: | |
| Oznake: |
Označite
Brez oznak, prvi označite!
|
MARC
| LEADER | 00000 a a2200000 04500 | ||
|---|---|---|---|
| 001 | 13620 | ||
| 003 | |||
| 040 | |||
| 090 | |a 017500 | ||
| 110 | |a Stockholm International Peace Reasearch Institute | ||
| 245 | |a Armaments and Disarmaments in the Nuclear Age: a handbook | ||
| 260 | |a Estocolmo: |b SIPRI | ||
| 300 | |a 308 ps. | ||
| 300 | |b **no definido** | ||
| 520 | |a Este libro fue publicado por el SIPRI al celebrar su décimo aniversario. En este informe se estudian y analizan varios temas relacionados con la problemática de los armamentos, el desarme y el control de armas a nivel mundial. Algunos puntos concretos que examina son: gasto militar mundial, 1954-1975 fuerzas nucleares estratégicas de la Unión soviética y los Estados Unidos, 1967-1976 comercio de armas con países del Tercer Mundo, 1950-1975 armamento químico y bacteriológico y, comercio de armas convencionales. ABB/mb | ||
| 650 | |a ARMAMENTISMO | ||
| 650 | |a ARMAS NUCLEARES | ||
| 650 | |a DESARME | ||
| 650 | |a GASTOS MILITARES | ||
| 650 | |a COMPRA DE ARMAS | ||
| 650 | |a ARMAS BACTERIOLOGICAS | ||
| 650 | |a ARMAS CONVENCIONALES | ||
| 650 | |a COMPRA DE ARMAS | ||
| 650 | |a GASTOS MILITARES | ||
| 999 | |c 15910 |d 15910 | ||
